00485nam a22001697a 450000500170000001000150001702000260003203500140005803700090007208200140008110000160009524500630011125000070017426000460018127000660022730000220029320250929163702.0 aENG-146891 a9789355011015c699.00 aEN-130423 bDBAD 219a330.1 aAhuja, H L  aModern Microeconomics: bTheory & Applications/cH L Ahuja a19 aUttar PradeshbS. Chand Publishing c2025 aD-92, Sector-2, Noida bUttar Pradeshe201301k61-120-4682700 a957p. c24cm(pb)